000 00711nam a2200217 a 4500
001 000042830
005 20201002040429.0
008 140210s1968 sp 000 0 spa d
040 _aDO-SdBNP
_bspa
_cBNPHU
100 1 _aFabbri, Luigi
_970197
240 1 0 _aI comunisti e la religione
245 1 4 _aLos Comunistas y la Religión /
_cLuigi Fabbri ; traducción Antonio Álvarez.
260 _aMadrid :
_bEdicusa,
_c1968.
300 _a216 p., ;
_c16 cm.
490 1 _aCuaderno pala el diálogo
_v1
490 1 _aReligión y mundo
504 _aBibliografía : p. 213-216
700 1 _aÁlvarez, Antonio,
_etr.
_970198
830 0 _aCuaderno pala el diálogo
_v1
_970199
830 0 _aReligión y mundo
_v1
_970200
999 _c42319
_d42319